Aspirar a un mundo distinto : (Record no. 193266)

MARC details
000 -CABECERA
campo de control de longitud fija 00892nam a2200241 u 4500
005 - FECHA Y HORA DE LA ÚLTIMA TRANSACCIÓN
campo de control 20241101063723.0
008 - ELEMENTOS DE LONGITUD FIJA--INFORMACIÓN GENERAL
campo de control de longitud fija 171019s2016 mx r 000 0 spa d
020 ## - NÚMERO INTERNACIONAL NORMALIZADO PARA LIBROS
Número Internacional Estándar del Libro 9786075240251
035 ## - NÚMERO DE CONTROL DEL SISTEMA
Número de control de sistema UPN01000221167
049 ## - COLECCIÓN
Colección CG
050 #4 - SIGNATURA TOPOGRÁFICA DE LA BIBLIOTECA DEL CONGRESO
Número de clasificación HN113.5
Número de documento/Ítem A7.6
245 00 - MENCIÓN DE TÍTULO
Título Aspirar a un mundo distinto :
Resto del título investigaciones sobre paz, conflictos y violencia en México /
Mención de responsabilidad, etc. coord. Abraham Osorio Ballesteros.
260 ## - PUBLICACIÓN, DISTRIBUCIÓN, ETC.
Lugar de publicación, distribución, etc. México :
Nombre del editor, distribuidor, etc. Universidad Autónoma del Estado de México :
-- Miguel Angel Porrúa,
Fecha de publicación, distribución, etc. c2016.
300 ## - DESCRIPCIÓN FÍSICA
Extensión 229 p. :
Otras características físicas tablas, cuadros
440 #4 - MENCIÓN DE SERIE/ASIENTO SECUNDARIO--TÍTULO
Título Las ciencias sociales.
Nombre de parte o sección de la obra Tercera década
651 #7 - ASIENTO SECUNDARIO DE MATERIA - NOMBRE GEOGRAFICO
Nombre geográfico México
Subdivisión general Condiciones sociales
Subdivisión cronológica 1970-
Fuente del encabezamiento o término
9 (RLIN) 7494
650 #4 - ASIENTO SECUNDARIO DE MATERIA - TERMINO TEMATICO
Término de materia o nombre geográfico como elemento de entrada PAZ -
Subdivisión geográfica MEXICO
9 (RLIN) 26317
650 #4 - ASIENTO SECUNDARIO DE MATERIA - TERMINO TEMATICO
Término de materia o nombre geográfico como elemento de entrada CONFLICTO SOCIAL -
Subdivisión geográfica MEXICO
9 (RLIN) 10204
650 #4 - ASIENTO SECUNDARIO DE MATERIA - TERMINO TEMATICO
Término de materia o nombre geográfico como elemento de entrada Violencia
Subdivisión geográfica México
9 (RLIN) 1562
700 1# - ASIENTO SECUNDARIO--NOMBRE DE PERSONAL
Nombre de persona Osorio Ballesteros, Abraham,
Término indicativo de función/relación coord.
9 (RLIN) 41104
905 ## - TIPO DE MATERIAL
Tipo de material Libro
Holdings
Estado de retiro Estado de pérdida Fuente del sistema de clasificación o colocación Estado dañado No para préstamo Código de colección Localización permanente Ubicación/localización actual Ubicación en estantería Total de préstamos Clasificación Código de barras Fecha visto por última vez Número de copia Tipo de ítem Koha
    Library of Congress Classification     Colección General Bib. Gregorio Torres Quintero Bib. Gregorio Torres Quintero Planta baja 1 HN113.5 A7.6 320526 31/12/2020 1 Libro
    Library of Congress Classification     Colección General Bib. Gregorio Torres Quintero Bib. Gregorio Torres Quintero Planta baja   HN113.5 A7.6 320527 31/12/2020 1 Libro